000 00350nam a2200145Ia 4500
008 240624s9999 xx 000 0 und d
041 _aeng
082 _a657.3 FRA
100 _aFRASER LYN M
245 _aUNDERSTANDING FINANCIAL STATEMENTS
250 _a(6th ed.)
260 _c2003
_aNew Delhi
_bPrentice-Hall
300 _axvii, : 267
365 _cRS
999 _c366
_d366